| 000 | nam a22 7a 4500 | ||
|---|---|---|---|
| 999 |
_c330857 _d330857 |
||
| 003 | NUST | ||
| 005 | 20170817123923.0 | ||
| 008 | 170817b xxu||||| |||| 00| 0 eng d | ||
| 040 | _cNUST | ||
| 082 |
_a954.915 _bQAD |
||
| 245 |
_aQadeem Baluchistan/ _cTarjuma: Anwer Roman |
||
| 260 |
_aQuetta: _bGosha adab, |
||
| 300 | _a400 p. | ||
| 650 |
_aPakistan- Baluchistan Province _93952 |
||
| 880 |
_6245-02\(3\r _aقدیم بلوچستان _cترجمہ: انور رومان |
||
| 880 |
_6260-03\(3\r _aکوئٹہ: _bگوشہ ادب، |
||
| 942 |
_2ddc _cBK |
||